Entrepreneurship (Major4)/ (Record no. 11882)

MARC details
000 -LEADER
fixed length control field 00533nam a22001817a 4500
005 - DATE AND TIME OF LATEST TRANSACTION
control field 20250916094536.0
008 - FIXED-LENGTH DATA ELEMENTS--GENERAL INFORMATION
fixed length control field 240823b |||||||| |||| 00| 0 eng d
020 ## - INTERNATIONAL STANDARD BOOK NUMBER
International Standard Book Number 9788197677359
040 ## - CATALOGING SOURCE
Original cataloging agency IN-DiNC
Transcribing agency IN-DiNC
041 ## - LANGUAGE CODE
Language code of sung or spoken text English
082 ## - DEWEY DECIMAL CLASSIFICATION NUMBER
Classification number 338.04
Item number AHM
100 ## - MAIN ENTRY--PERSONAL NAME
Personal name Ahmed, Rofique
Relator term Author
245 ## - TITLE STATEMENT
Title Entrepreneurship (Major4)/
Statement of responsibility, etc. by Rofique Ahmed
260 ## - PUBLICATION, DISTRIBUTION, ETC.
Place of publication, distribution, etc. Jorhat:
Name of publisher, distributor, etc. North East institute of research consultancy and publication,
Date of publication, distribution, etc. 2024.
300 ## - PHYSICAL DESCRIPTION
Extent 200p.
650 ## - SUBJECT ADDED ENTRY--TOPICAL TERM
Topical term or geographic name entry element Entrepreneurship development
942 ## - ADDED ENTRY ELEMENTS (KOHA)
Source of classification or shelving scheme Dewey Decimal Classification
Koha item type Books
Holdings
Withdrawn status Lost status Source of classification or shelving scheme Damaged status Not for loan Collection code Home library Current library Shelving location Date acquired Cost, normal purchase price Total Checkouts Full call number Barcode Date due Date last seen Date last checked out Copy number Price effective from Koha item type
    Dewey Decimal Classification     Commerce Central Library, Naharkatiya College Central Library, Naharkatiya College General Stacks 23/08/2024 240.00 7 338.04 AHM 30224 15/09/2025 16/08/2025 16/08/2025 1 23/08/2024 Books
    Dewey Decimal Classification     Commerce Central Library, Naharkatiya College Central Library, Naharkatiya College General Stacks 23/08/2024 240.00 3 338.04 AHM 30225   07/10/2024 20/09/2024 2 23/08/2024 Books
    Dewey Decimal Classification     Economics Central Library, Naharkatiya College Central Library, Naharkatiya College General Stacks 16/09/2025 270.00 1 338.04 AHM 30910   30/10/2025 18/09/2025 3 16/09/2025 Books
    Dewey Decimal Classification     Economics Central Library, Naharkatiya College Central Library, Naharkatiya College General Stacks 16/09/2025 270.00 1 338.04 AHM 30911   22/10/2025 18/09/2025 4 16/09/2025 Books
    Dewey Decimal Classification     Economics Central Library, Naharkatiya College Central Library, Naharkatiya College General Stacks 16/09/2025 270.00 1 338.04 AHM 30912   22/10/2025 18/09/2025 5 16/09/2025 Books

Naharkatiya College © 2020. All rights reserved.

Powered By